[Event "World Open"]
[Site "Valley Forge, PA"]
[Date "2010.07.03"]
[Round "5"]
[White "Ehlvest, Jaan"]
[Black "Vallejo Pons, Francisco"]
[Result "1/2-1/2"]
[WhiteElo "2591"]
[BlackElo "2703"]
[PlyCount "49"]
[EventDate "2010.07.??"]
[EventCountry "USA"]
[Source "MonRoi"]

1. c4 e5 2. Nc3 Nc6 3. g3 Bc5 4. Bg2 d6 5. Nf3 Nf6 6. d3 h6 7. O-O O-O 8. a3 a6
9. b4 Ba7 10. Bb2 Rb8 11. e3 Be6 12. Rc1 Re8 13. Re1 Ne7 14. h3 Ng6 15. Kh2 c6
16. Ne4 Nxe4 17. dxe4 f6 18. Nd2 Ne7 19. Bf3 Kh8 20. Bg4 Bg8 21. Nb3 c5 22. b5
Ra8 23. a4 Bb6 24. Qc2 axb5 25. axb5 1/2-1/2

[Event "World Open"]
[Site "Valley Forge, PA"]
[Date "2010.07.03"]
[Round "5"]
[White "Sedlak, Nikola"]
[Black "Ganguly, Surya"]
[Result "0-1"]
[WhiteElo "2567"]
[BlackElo "2672"]
[PlyCount "70"]
[EventDate "2010.07.??"]
[EventCountry "USA"]
[Source "MonRoi"]

1. d4 Nf6 2. c4 g6 3. g3 Bg7 4. Bg2 O-O 5. Nc3 d6 6. Nf3 Nbd7 7. O-O e5 8. e3
c6 9. b3 Re8 10. a4 Qc7 11. a5 Nf8 12. h3 h5 13. e4 exd4 14. Nxd4 Ne6 15. Be3
Bd7 16. Nde2 Re7 17. b4 c5 18. Nd5 Nxd5 19. cxd5 Bxa1 20. Qxa1 Bb5 21. dxe6
Bxe2 22. Re1 Bc4 23. exf7+ Bxf7 24. Bh6 Be6 25. bxc5 Rf7 26. cxd6 Qxd6 27. Be3
a6 28. Rb1 Rd8 29. h4 Bc4 30. Bg5 Rdd7 31. Rc1 Bb5 32. Bh3 Qd4 33. Qa2 Qxe4 34.
Rc8+ Kh7 35. Bf6 Rd1+ 0-1

[Event "World Open"]
[Site "Valley Forge, PA"]
[Date "2010.07.03"]
[Round "5"]
[White "Panchanathan, Magesh"]
[Black "Harikrishna, Penteala"]
[Result "0-1"]
[WhiteElo "2549"]
[BlackElo "2660"]
[PlyCount "157"]
[EventDate "2010.07.??"]
[EventCountry "USA"]
[Source "MonRoi"]

1. Nf3 Nf6 2. g3 d5 3. Bg2 c6 4. O-O Bg4 5. d4 Nbd7 6. Nbd2 e6 7. Re1 Be7 8. e4
dxe4 9. Nxe4 O-O 10. Nxf6+ Nxf6 11. c3 Qb6 12. Qb3 Bxf3 13. Bxf3 Rfd8 14. h4
Rd7 15. Kg2 Rad8 16. Qxb6 axb6 17. a4 Ra8 18. Bd2 Ne8 19. Red1 Rdd8 20. b3 Nc7
21. Ra2 h6 22. Rda1 Bf6 23. h5 Ra7 24. Be4 Nd5 25. f4 Be7 26. Bf3 Rda8 27. Re1
Bd6 28. Rc2 Ne7 29. Be3 Ra5 30. c4 Bb4 31. Rd1 Rc8 32. Bf2 Raa8 33. Re2 Rd8 34.
Kh3 Rd7 35. g4 Rad8 36. Rd3 b5 37. axb5 cxb5 38. Re5 bxc4 39. bxc4 Rc8 40. Rb5
Rxc4 41. Rb3 Bd6 42. Rxb7 Rxb7 43. Rxb7 Kf8 44. f5 exf5 45. gxf5 Rc3 46. Kg2
Nxf5 47. Be4 Ng3 48. Bxg3 Rxg3+ 49. Kf2 Rg5 50. Bf3 Ra5 51. Bd1 Rf5+ 52. Ke3
Bh2 53. Ke4 g6 54. hxg6 fxg6 55. Bb3 h5 56. Be6 Rf1 57. d5 g5 58. Rh7 h4 59.
Rh5 Bf4 60. d6 Bxd6 61. Rxg5 Ke7 62. Rg6 Bg3 63. Rh6 Rf4+ 64. Kd5 Ra4 65. Bh3
Kf7 66. Rb6 Bf4 67. Rb3 Kf6 68. Rf3 Kg5 69. Kc5 Ra1 70. Kd4 Rh1 71. Ke4 Bg3 72.
Bc8 Re1+ 73. Kd3 Ra1 74. Bh3 Bf4 75. Ke2 Ra4 76. Kf1 Kf6 77. Rb3 Ke5 78. Bg2
Bg3 79. Rb2 0-1

[Event "World Open"]
[Site "Valley Forge, PA"]
[Date "2010.07.03"]
[Round "5"]
[White "Sandipan, Chanda"]
[Black "Perelshteyn, Eugene"]
[Result "1/2-1/2"]
[WhiteElo "2640"]
[BlackElo "2534"]
[PlyCount "58"]
[EventDate "2010.07.??"]
[EventCountry "USA"]
[Source "MonRoi"]

1. d4 Nf6 2. c4 g6 3. f3 Bg7 4. e4 d6 5. Nc3 a6 6. Bg5 c6 7. Qd2 b5 8. O-O-O
Bb7 9. e5 dxe5 10. dxe5 Qxd2+ 11. Bxd2 Nfd7 12. e6 fxe6 13. Nh3 Nf8 14. a4 e5
15. cxb5 axb5 16. axb5 Ne6 17. Kb1 Nd4 18. Bc4 Nd7 19. bxc6 Bxc6 20. Nd5 Ra4
21. b3 Rxc4 22. bxc4 Bxd5 23. cxd5 O-O 24. Bc3 Rb8+ 25. Kc1 Rc8 26. Kd2 Nb3+
27. Kc2 Nd4+ 28. Kd2 Nb3+ 29. Kc2 Nd4+ 1/2-1/2

[Event "World Open"]
[Site "Valley Forge, PA"]
[Date "2010.07.03"]
[Round "5"]
[White "Paragua, Mark"]
[Black "Potkin, Vladimir"]
[Result "1/2-1/2"]
[WhiteElo "2497"]
[BlackElo "2634"]
[PlyCount "25"]
[EventDate "2010.07.??"]
[EventCountry "USA"]
[Source "MonRoi"]

1. e4 c5 2. Nf3 e6 3. d4 cxd4 4. Nxd4 Nc6 5. Nxc6 bxc6 6. Bd3 d5 7. O-O Nf6 8.
Qf3 Bd7 9. Qg3 Nh5 10. Qf3 Nf6 11. Qg3 Nh5 12. Qf3 Nf6 13. Qg3 1/2-1/2

[Event "World Open"]
[Site "Valley Forge, PA"]
[Date "2010.07.03"]
[Round "5"]
[White "McShane, Luke J"]
[Black "Meszaros, Michal"]
[Result "1-0"]
[WhiteElo "2623"]
[BlackElo "2393"]
[PlyCount "61"]
[EventDate "2010.07.??"]
[EventCountry "USA"]
[Source "MonRoi"]

1. e4 e5 2. Nf3 Nc6 3. Bb5 Nf6 4. d3 Bc5 5. Nc3 d6 6. O-O h6 7. Ne2 O-O 8. c3
a6 9. Ba4 b5 10. Bc2 Bb6 11. Ng3 d5 12. h3 Re8 13. Qe2 Be6 14. Rd1 d4 15. Bd2
Nh7 16. Bb3 Nf8 17. Nf5 Qf6 18. g4 Bxb3 19. axb3 Ne6 20. Kh1 dxc3 21. bxc3 Nf4
22. Bxf4 exf4 23. Qd2 g6 24. Nxh6+ Kg7 25. g5 Qe6 26. Qxf4 Qxh3+ 27. Kg1 Re7
28. d4 Rae8 29. e5 Na5 30. b4 Nc4 31. Rxa6 1-0

[Event "World Open"]
[Site "Valley Forge, PA"]
[Date "2010.07.03"]
[Round "5"]
[White "Uesugi, Shinsaku"]
[Black "Kazhgaleyev, Murtas"]
[Result "0-1"]
[WhiteElo "2332"]
[BlackElo "2609"]
[PlyCount "94"]
[EventDate "2010.07.??"]
[EventCountry "USA"]
[Source "MonRoi"]

1. Nf3 g6 2. g3 Bg7 3. d4 Nf6 4. Bg2 d5 5. O-O c6 6. b3 O-O 7. c4 a5 8. Nc3 Ne4
9. Bb2 Bf5 10. e3 Nxc3 11. Bxc3 Be4 12. Ne1 Bxg2 13. Nxg2 e6 14. Rc1 Nd7 15.
Nf4 Nf6 16. f3 Re8 17. Qe2 Nd7 18. Rfd1 a4 19. Nd3 Qb6 20. Nc5 Nxc5 21. dxc5
Qc7 22. Bxg7 Kxg7 23. Qb2+ Kg8 24. b4 Red8 25. Rd2 a3 26. Qf6 dxc4 27. Rcd1
Rxd2 28. Rxd2 b6 29. Qd4 b5 30. f4 e5 31. fxe5 Re8 32. Kf2 Qc8 33. g4 Qe6 34.
h3 Kg7 35. Ke2 h5 36. gxh5 gxh5 37. Rd1 Qxe5 38. Qxe5+ Rxe5 39. Rd7 Rg5 40. Kf2
Rf5+ 41. Ke2 Rg5 42. Kf2 h4 43. Ra7 Rg3 44. Rxa3 Rxh3 45. Kg2 Rg3+ 46. Kh2 f5
47. Ra7+ Kf6 0-1

[Event "World Open"]
[Site "Valley Forge, PA"]
[Date "2010.07.03"]
[Round "5"]
[White "Young, Angelo"]
[Black "Gustafsson, Jan"]
[Result "0-1"]
[WhiteElo "2353"]
[BlackElo "2640"]
[PlyCount "29"]
[EventDate "2010.07.??"]
[EventCountry "USA"]
[Source "MonRoi"]

1. Nf3 d5 2. d4 Nf6 3. g3 c5 4. dxc5 e6 5. c4 Bxc5 6. cxd5 exd5 7. Bg2 Nc6 8.
O-O O-O 9. a3 a6 10. Nbd2 Ne4 11. Nb3 Ba7 12. Nfd4 Ne5 13. Bf4 Qf6 14. Qc2 Re8
15. Bxe5 0-1

[Event "World Open"]
[Site "Valley Forge, PA"]
[Date "2010.07.03"]
[Round "5"]
[White "Robson, Ray"]
[Black "Molner, Mackenzie"]
[Result "1-0"]
[WhiteElo "2569"]
[BlackElo "2439"]
[PlyCount "75"]
[EventDate "2010.07.??"]
[EventCountry "USA"]
[Source "MonRoi"]

1. e4 d6 2. d4 Nf6 3. Nc3 g6 4. f4 Bg7 5. Nf3 c5 6. dxc5 Qa5 7. Qd3 Qxc5 8. Be3
Qa5 9. e5 dxe5 10. Qb5+ Nc6 11. Qxa5 Nxa5 12. Nb5 O-O 13. Nc7 e4 14. Ne5 Ng4
15. Bd2 Nxe5 16. fxe5 Nc6 17. Nxa8 Bxe5 18. Bc3 Bd6 19. Rd1 Bb8 20. b4 Bg4 21.
Be2 Bxe2 22. Kxe2 Rc8 23. b5 Ne5 24. b6 Rxc3 25. Rd8+ Kg7 26. Rxb8 Rxc2+ 27.
Ke3 axb6 28. Nxb6 Ng4+ 29. Kf4 f5 30. Rxb7 Rf2+ 31. Kg3 h5 32. h3 f4+ 33. Kh4
Ne3 34. Kg5 Nf5 35. Nd5 f3 36. Nxe7 Rxg2+ 37. Kf4 Ng3 38. Nf5+ 1-0

[Event "World Open"]
[Site "Valley Forge, PA"]
[Date "2010.07.03"]
[Round "5"]
[White "Shankland, Samuel"]
[Black "Arnold, Marc"]
[Result "1/2-1/2"]
[WhiteElo "2507"]
[BlackElo "2433"]
[PlyCount "62"]
[EventDate "2010.07.??"]
[EventCountry "USA"]
[Source "MonRoi"]

1. d4 Nf6 2. c4 e6 3. Nf3 b6 4. g3 Ba6 5. Qc2 c5 6. d5 exd5 7. cxd5 d6 8. Bg2
Be7 9. O-O O-O 10. Nc3 Nbd7 11. a4 Bb7 12. e4 a6 13. Rd1 Re8 14. Bf4 Bf8 15.
Nd2 Ne5 16. Bxe5 Rxe5 17. Nc4 Re8 18. e5 dxe5 19. d6 Bxg2 20. Kxg2 Qd7 21. Ne4
Qc6 22. f3 Nxe4 23. Qxe4 Qxe4 24. fxe4 Rab8 25. Ra3 f6 26. Rb3 b5 27. axb5 axb5
28. Na3 b4 29. Nc4 Red8 30. Rbd3 Kf7 31. Rd5 Ke6 1/2-1/2

[Event "World Open"]
[Site "Valley Forge, PA"]
[Date "2010.07.03"]
[Round "5"]
[White "Wang, Puchen"]
[Black "Esserman, Mark"]
[Result "1/2-1/2"]
[WhiteElo "2469"]
[BlackElo "2419"]
[PlyCount "67"]
[EventDate "2010.07.??"]
[EventCountry "USA"]
[Source "MonRoi"]

1. Nf3 Nf6 2. c4 g6 3. g3 Bg7 4. Bg2 O-O 5. O-O d6 6. Nc3 c6 7. d4 Qa5 8. h3
Be6 9. Qd3 Qa6 10. b3 d5 11. Ne5 Rd8 12. Bb2 dxc4 13. Nxc4 Bxc4 14. bxc4 Nbd7
15. e3 Nb6 16. Rfb1 Qxc4 17. Qc2 Qe6 18. a4 Nbd5 19. a5 Nxc3 20. Bxc3 Rab8 21.
Ra3 Nd5 22. Rab3 c5 23. Rxb7 Rxb7 24. Rxb7 Nxc3 25. Qxc3 cxd4 26. Qc7 Qd6 27.
Qxd6 Rxd6 28. exd4 Bxd4 29. Rxe7 Rf6 30. Re2 Ra6 31. Ra2 Bc3 32. Ra3 Bb4 33.
Ra4 Bc3 34. Ra3 1/2-1/2

[Event "World Open"]
[Site "Valley Forge, PA"]
[Date "2010.07.03"]
[Round "5"]
[White "Neubauer, Martin"]
[Black "Sarkar, Justin"]
[Result "1/2-1/2"]
[WhiteElo "2458"]
[BlackElo "2378"]
[PlyCount "45"]
[EventDate "2010.07.??"]
[EventCountry "USA"]
[Source "MonRoi"]

1. d4 d5 2. c4 c6 3. Nf3 Nf6 4. Nc3 dxc4 5. a4 Na6 6. e4 Bg4 7. Bxc4 Bxf3 8.
gxf3 e6 9. O-O Nb4 10. a5 Be7 11. Kh1 b5 12. axb6 axb6 13. Rxa8 Qxa8 14. Rg1
Nh5 15. f4 g6 16. f5 exf5 17. exf5 Ng7 18. fxg6 hxg6 19. Qf3 Nf5 20. Re1 Kf8
21. Bf4 Qd8 22. d5 Bd6 23. Bg3 1/2-1/2

[Event "World Open"]
[Site "Valley Forge, PA"]
[Date "2010.07.03"]
[Round "5"]
[White "Zapata, Alonso"]
[Black "Gulamali, Kazim"]
[Result "1-0"]
[WhiteElo "2513"]
[BlackElo "2357"]
[PlyCount "63"]
[EventDate "2010.07.??"]
[EventCountry "USA"]
[Source "MonRoi"]

1. e4 c5 2. Nf3 d6 3. d4 cxd4 4. Nxd4 Nf6 5. Nc3 a6 6. Bc4 e6 7. O-O b5 8. Bb3
Be7 9. Qf3 Qb6 10. Be3 Qb7 11. Qg3 O-O 12. f3 Nc6 13. Nxc6 Qxc6 14. Rfd1 Bb7
15. Ne2 Kh8 16. a4 b4 17. a5 Rab8 18. Ba7 Ra8 19. Bd4 Qb5 20. Rd2 Qh5 21. Qf2
e5 22. Ng3 Qg6 23. Nf5 exd4 24. Nxe7 Qg5 25. Nf5 Bxe4 26. Nxd6 Bg6 27. Qxd4
Rab8 28. f4 Qh6 29. Re1 Ng4 30. h3 Qh4 31. Rf1 Nh6 32. f5 1-0

[Event "World Open"]
[Site "Valley Forge, PA"]
[Date "2010.07.03"]
[Round "5"]
[White "Korley, Kassa"]
[Black "Smith, Bryan G"]
[Result "1/2-1/2"]
[WhiteElo "2284"]
[BlackElo "2468"]
[PlyCount "64"]
[EventDate "2010.07.??"]
[EventCountry "USA"]
[Source "MonRoi"]

1. d4 Nf6 2. c4 g6 3. Nc3 Bg7 4. Nf3 O-O 5. e4 d6 6. Be2 e5 7. O-O Nc6 8. d5
Ne7 9. b4 Ne8 10. c5 f5 11. Ng5 h6 12. Ne6 Bxe6 13. dxe6 fxe4 14. cxd6 Nxd6 15.
Qe1 Nc6 16. Bd1 Nxb4 17. Bb3 Kh7 18. Ba3 Nd3 19. Qe3 Rf4 20. Bxd6 Qxd6 21. Nxe4
Qd4 22. Rad1 Rxe4 23. Qxd3 Qxd3 24. Rxd3 Rd4 25. Rf3 Rf8 26. Rxf8 Bxf8 27. Re1
Bd6 28. g3 e4 29. f3 c5 30. Rxe4 Rxe4 31. fxe4 Kg7 32. e5 Be7 1/2-1/2

[Event "World Open"]
[Site "Valley Forge, PA"]
[Date "2010.07.04"]
[Round "6"]
[White "Ganguly, Surya"]
[Black "Laznicka, Viktor"]
[Result "0-1"]
[WhiteElo "2672"]
[BlackElo "2636"]
[PlyCount "60"]
[EventDate "2010.07.??"]
[EventCountry "USA"]
[Source "MonRoi"]

1. d4 d5 2. c4 c6 3. Nf3 Nf6 4. Nc3 a6 5. Bd2 e6 6. g3 dxc4 7. Bg2 b5 8. O-O
Bb7 9. a4 Be7 10. e4 Nbd7 11. Qc2 O-O 12. Be3 Re8 13. Rfd1 Bf8 14. h3 Qc7 15.
Rac1 Rac8 16. h4 h6 17. h5 e5 18. dxe5 Nxe5 19. Nxe5 Qxe5 20. Bd4 Qxh5 21. Bxf6
gxf6 22. Rd7 Re7 23. Rcd1 Rce8 24. Ne2 Qe5 25. Nf4 Rxd7 26. Rxd7 Bc8 27. Rd1
Bg4 28. Ra1 Rd8 29. axb5 axb5 30. Ra6 Bb4 0-1

[Event "World Open"]
[Site "Valley Forge, PA"]
[Date "2010.07.04"]
[Round "6"]
[White "Harikrishna, Penteala"]
[Black "Shabalov, Alexander"]
[Result "1-0"]
[WhiteElo "2660"]
[BlackElo "2585"]
[PlyCount "87"]
[EventDate "2010.07.??"]
[EventCountry "USA"]
[Source "MonRoi"]

1. d4 Nf6 2. c4 g6 3. Nf3 Bg7 4. g3 O-O 5. Bg2 c5 6. d5 e6 7. Nc3 exd5 8. cxd5
d6 9. O-O Na6 10. Nd2 Nc7 11. Nc4 Nfe8 12. a4 b6 13. Bd2 Ba6 14. b3 f5 15. Qc2
Nf6 16. Rae1 Qd7 17. Bf4 Bxc4 18. bxc4 Nh5 19. Bd2 f4 20. Bf3 fxg3 21. fxg3 Nf6
22. e4 Ng4 23. Bxg4 Qxg4 24. Bf4 Qh3 25. Ne2 Qd7 26. Kg2 a6 27. Nc1 b5 28. Nd3
Rae8 29. e5 dxe5 30. Nxc5 Qd8 31. Be3 bxc4 32. Rxf8+ Rxf8 33. Rd1 Qf6 34. Qe4
Qf7 35. d6 Ne6 36. Nxe6 Qxe6 37. d7 Bf6 38. Bc5 Rb8 39. Rd6 Qf7 40. Bb6 Bd8 41.
a5 c3 42. Qxe5 c2 43. Qe8+ Qf8 44. Bd4 1-0

[Event "World Open"]
[Site "Valley Forge, PA"]
[Date "2010.07.04"]
[Round "6"]
[White "Kazhgaleyev, Murtas"]
[Black "Van Wely, Loek"]
[Result "1-0"]
[WhiteElo "2609"]
[BlackElo "2653"]
[PlyCount "75"]
[EventDate "2010.07.??"]
[EventCountry "USA"]
[Source "MonRoi"]

1. d4 d5 2. c4 c6 3. Nc3 Nf6 4. cxd5 cxd5 5. Bf4 Nc6 6. e3 Bf5 7. Qb3 Na5 8.
Qa4+ Bd7 9. Qc2 Rc8 10. Bd3 e6 11. Nf3 Be7 12. O-O O-O 13. Ne5 b5 14. Qe2 a6
15. Rac1 Be8 16. Bg5 Nc4 17. b3 Nd6 18. Rc2 Nd7 19. Bxe7 Qxe7 20. a4 f6 21. Nc6
Rxc6 22. Nxd5 exd5 23. Rxc6 Nb8 24. Rc5 bxa4 25. bxa4 Bxa4 26. Qa2 Bb5 27.
Qxd5+ Kh8 28. Bxb5 axb5 29. Rfc1 f5 30. Qe5 Qf6 31. Rd5 Nc4 32. Qxf6 gxf6 33.
Rxb5 Nd6 34. Rb6 Ne4 35. f3 Ng5 36. h4 Nf7 37. Rc7 Kg7 38. Rcb7 1-0

[Event "World Open"]
[Site "Valley Forge, PA"]
[Date "2010.07.04"]
[Round "6"]
[White "Bercys, Salvijus"]
[Black "McShane, Luke J"]
[Result "0-1"]
[WhiteElo "2427"]
[BlackElo "2623"]
[PlyCount "169"]
[EventDate "2010.07.??"]
[EventCountry "USA"]
[Source "MonRoi"]

1. d4 Nf6 2. c4 g6 3. Nc3 Bg7 4. e4 d6 5. Nf3 O-O 6. Be2 e5 7. Be3 Nbd7 8. O-O
Re8 9. d5 Nh5 10. g3 Bf8 11. Ne1 Ng7 12. Nd3 f5 13. f3 a5 14. a3 b6 15. b4 Be7
16. Qd2 Rf8 17. c5 axb4 18. axb4 Rxa1 19. Rxa1 bxc5 20. bxc5 dxc5 21. Na4 fxe4
22. fxe4 c4 23. Nf2 Ne8 24. Bxc4 Nd6 25. Bd3 Nf7 26. Be2 Bd6 27. Rc1 Nf6 28.
Nc3 Bd7 29. Nb5 Bxb5 30. Bxb5 Qa8 31. Bf1 Qa4 32. Qc2 Qxc2 33. Rxc2 Ra8 34. Rc3
Ra2 35. Bc4 Rb2 36. Bd3 Kg7 37. h3 h6 38. Kg2 Ng5 39. Rc2 Rb4 40. Bd2 Ra4 41.
Bb5 Ra3 42. Bc1 Ra5 43. Bd3 Ra4 44. Re2 Ra1 45. Bb2 Ra8 46. h4 Nf7 47. Rc2 g5
48. hxg5 Nxg5 49. Bc1 Kg6 50. Be2 Ra4 51. Bd3 h5 52. Be3 Nf7 53. Kf3 Nh6 54.
Bxh6 Kxh6 55. Rc3 Ra1 56. Be2 Nh7 57. Nh3 Rh1 58. Kg2 Rb1 59. Kf2 Nf6 60. Kf3
Rh1 61. Nf2 Rh2 62. Rc6 Nh7 63. Ke3 Rg2 64. Kf3 Rg1 65. Nh3 Rh1 66. Kg2 Rb1 67.
Rc3 Nf6 68. Nf2 Rb2 69. Kf3 Ra2 70. Bd3 Nh7 71. Nh3 Rh2 72. Bf1 Rb2 73. Be2 Kg6
74. Ke3 Nf6 75. Nf2 Nd7 76. Nd3 Ra2 77. Nc1 Ra1 78. Nd3 Nb6 79. Rc1 Ra4 80. Rh1
Nc4+ 81. Kf2 Nd2 82. Bxh5+ Kg5 83. Bf3 Nxe4+ 84. Bxe4 Rxe4 85. Rh4 0-1

[Event "World Open"]
[Site "Valley Forge, PA"]
[Date "2010.07.04"]
[Round "6"]
[White "Stripunsky, Alexander"]
[Black "Gustafsson, Jan"]
[Result "1/2-1/2"]
[WhiteElo "2570"]
[BlackElo "2640"]
[PlyCount "52"]
[EventDate "2010.07.??"]
[EventCountry "USA"]
[Source "MonRoi"]

1. e4 e5 2. Nf3 Nc6 3. Bb5 a6 4. Bxc6 dxc6 5. O-O Bg4 6. h3 Bh5 7. g4 Bg6 8.
Nxe5 Qh4 9. Qf3 f6 10. Nxg6 hxg6 11. Qg3 Qxh3 12. Qxh3 Rxh3 13. Kg2 Rh4 14. f3
O-O-O 15. d3 Bd6 16. Rh1 Rxh1 17. Kxh1 g5 18. Be3 Ne7 19. Nd2 Rh8+ 20. Kg1 Rh3
21. Nf1 Ng6 22. Kg2 Rh8 23. d4 Bf4 24. Bf2 Bd6 25. Be3 Bf4 26. Bf2 Bd6 1/2-1/2

[Event "World Open"]
[Site "Valley Forge, PA"]
[Date "2010.07.04"]
[Round "6"]
[White "Potkin, Vladimir"]
[Black "Robson, Ray"]
[Result "1/2-1/2"]
[WhiteElo "2634"]
[BlackElo "2569"]
[PlyCount "136"]
[EventDate "2010.07.??"]
[EventCountry "USA"]
[Source "MonRoi"]

1. d4 d5 2. c4 e6 3. Nf3 Nf6 4. Nc3 c6 5. g3 dxc4 6. Ne5 Nbd7 7. Nxc4 b5 8. Ne3
Bb7 9. Bg2 Qb6 10. O-O Rd8 11. Qc2 Be7 12. Rd1 O-O 13. b3 Nd5 14. Ne4 f5 15.
Ng5 Nb4 16. Qc3 Bxg5 17. Qxb4 c5 18. dxc5 Qxc5 19. Qxc5 Nxc5 20. Ba3 Rxd1+ 21.
Rxd1 Rc8 22. Bxb7 Nxb7 23. Rd7 Nc5 24. Bxc5 Rxc5 25. Rxa7 Bxe3 26. fxe3 Rc2 27.
Kf2 b4 28. e4 fxe4 29. Ke3 h5 30. Ra4 Kf7 31. Rxb4 Rxa2 32. Rxe4 Kf6 33. Rb4
Kf5 34. h3 Rb2 35. g4+ hxg4 36. hxg4+ Kg5 37. Kd3 Kf6 38. e3 Ke5 39. Rb5+ Kf6
40. b4 g5 41. Ke4 Rb1 42. Rb8 Rg1 43. Kf3 Rf1+ 44. Kg2 Rb1 45. Rb5 Rb2+ 46. Kf3
Rb1 47. Rb8 Rf1+ 48. Kg2 Rb1 49. b5 Ke5 50. Kf3 Rf1+ 51. Ke2 Rb1 52. Kd3 Rb3+
53. Kc4 Rxe3 54. b6 Re4+ 55. Kc5 Rxg4 56. Ra8 Rg1 57. Ra4 Rc1+ 58. Rc4 Rh1 59.
b7 Rh8 60. Kb6 Rb8 61. Kc7 Rxb7+ 62. Kxb7 Kf5 63. Kc6 g4 64. Kd6 g3 65. Rc8 Ke4
66. Rg8 Kf3 67. Kxe6 g2 68. Rxg2 Kxg2 1/2-1/2

[Event "World Open"]
[Site "Valley Forge, PA"]
[Date "2010.07.04"]
[Round "6"]
[White "Ehlvest, Jaan"]
[Black "Paragua, Mark"]
[Result "1-0"]
[WhiteElo "2591"]
[BlackElo "2497"]
[PlyCount "70"]
[EventDate "2010.07.??"]
[EventCountry "USA"]
[Source "MonRoi"]

1. c4 c6 2. d4 d5 3. Nf3 Nf6 4. e3 a6 5. Nbd2 Bg4 6. h3 Bh5 7. g4 Bg6 8. Ne5 e6
9. h4 dxc4 10. Bxc4 Be4 11. Nxf7 Kxf7 12. Nxe4 Nxe4 13. Qf3+ Nf6 14. g5 Bb4+
15. Ke2 Nbd7 16. e4 Nb6 17. gxf6 gxf6 18. Qb3 Nxc4 19. Qxb4 Nd6 20. Bf4 Nb5 21.
Rad1 Qe7 22. Qc4 h5 23. Rhg1 Rad8 24. a4 Nd6 25. Qc5 Nc8 26. Qa5 b6 27. Qc3 c5
28. e5 cxd4 29. Rxd4 Rdg8 30. exf6 Qxf6 31. Rd7+ Ne7 32. Qxf6+ Kxf6 33. Bg5+
Rxg5 34. hxg5+ Kf7 35. Rc1 Re8 1-0

[Event "World Open"]
[Site "Valley Forge, PA"]
[Date "2010.07.04"]
[Round "6"]
[White "Hungaski, Robert"]
[Black "Sedlak, Nikola"]
[Result "1-0"]
[WhiteElo "2427"]
[BlackElo "2567"]
[PlyCount "65"]
[EventDate "2010.07.??"]
[EventCountry "USA"]
[Source "MonRoi"]

1. d4 Nf6 2. c4 g6 3. Nc3 Bg7 4. e4 d6 5. f4 O-O 6. Nf3 c5 7. d5 a6 8. a4 e5 9.
dxe6 fxe6 10. Bd3 Nc6 11. O-O b6 12. Ng5 Qe7 13. Qe1 Bb7 14. Qh4 Nh5 15. Qg4
Rae8 16. Bd2 Nb4 17. Bb1 Bd4+ 18. Kh1 Nc6 19. Bd3 Bf6 20. Nxh7 Qxh7 21. e5 Kg7
22. exf6+ Nxf6 23. Qg3 Kf7 24. Ne4 Nxe4 25. Bxe4 Ba8 26. Bc3 Ne7 27. f5 Nxf5
28. Bxa8 Rxa8 29. Qxd6 Rad8 30. Qxb6 Qh4 31. Qxc5 Kg8 32. Qe5 Rf7 33. Rf3 1-0

[Event "World Open"]
[Site "Valley Forge, PA"]
[Date "2010.07.04"]
[Round "6"]
[White "Esserman, Mark"]
[Black "Panchanathan, Magesh"]
[Result "0-1"]
[WhiteElo "2419"]
[BlackElo "2549"]
[PlyCount "72"]
[EventDate "2010.07.??"]
[EventCountry "USA"]
[Source "MonRoi"]

1. e4 e5 2. Nf3 Nc6 3. Nc3 Nf6 4. Bb5 Bd6 5. d3 h6 6. h3 a6 7. Bc4 b5 8. Bb3
Bc5 9. a4 b4 10. Nd5 Na5 11. Ba2 b3 12. cxb3 Nc6 13. Qc2 d6 14. Nxf6+ Qxf6 15.
Be3 Bb4+ 16. Nd2 Bd7 17. Rc1 O-O 18. O-O Qg6 19. Kh2 Nd4 20. Bxd4 exd4 21. f4
c5 22. f5 Qf6 23. Nc4 Bc6 24. Qf2 Rae8 25. Rc2 Re7 26. Re2 Rfe8 27. h4 d5 28.
e5 dxc4 29. exf6 Rxe2 30. Qg3 Rxg2+ 31. Qxg2 Bxg2 32. Kxg2 cxd3 33. Bb1 Re2+
34. Rf2 d2 35. Bc2 Re1 36. Rf1 gxf6 0-1

[Event "World Open"]
[Site "Valley Forge, PA"]
[Date "2010.07.04"]
[Round "6"]
[White "Sundararajan, Kidambi"]
[Black "Schneider, Igor"]
[Result "1/2-1/2"]
[WhiteElo "2520"]
[BlackElo "2392"]
[PlyCount "69"]
[EventDate "2010.07.??"]
[EventCountry "USA"]
[Source "MonRoi"]

1. d4 d5 2. c4 e6 3. Nf3 c6 4. Qc2 Nf6 5. g3 dxc4 6. Qxc4 b5 7. Qc2 Bb7 8. Bg2
Nbd7 9. O-O c5 10. a4 cxd4 11. Nxd4 Bxg2 12. Kxg2 bxa4 13. Nc3 Bc5 14. Rd1 a3
15. Ne4 Nxe4 16. Qxe4 O-O 17. Nc6 Nf6 18. Rxd8 Nxe4 19. Rxa8 Rxa8 20. b4 Bb6
21. Rxa3 Nxf2 22. Kf3 f5 23. Be3 Bxe3 24. Kxe3 Ne4 25. Rxa7 Rxa7 26. Nxa7 Kf7
27. b5 e5 28. Kd3 Ke6 29. b6 Nd6 30. Nb5 e4+ 31. Ke3 Nc4+ 32. Kf4 Kf6 33. h4 h6
34. h5 Nxb6 35. Nc3 1/2-1/2

[Event "World Open"]
[Site "Valley Forge, PA"]
[Date "2010.07.04"]
[Round "6"]
[White "Sarkar, Justin"]
[Black "Zapata, Alonso"]
[Result "1/2-1/2"]
[WhiteElo "2378"]
[BlackElo "2513"]
[PlyCount "131"]
[EventDate "2010.07.??"]
[EventCountry "USA"]
[Source "MonRoi"]

1. d4 Nf6 2. c4 g6 3. Nc3 Bg7 4. e4 d6 5. Be2 O-O 6. Nf3 Na6 7. O-O e5 8. Be3
Ng4 9. Bg5 Qe8 10. dxe5 h6 11. Bf4 dxe5 12. Bg3 h5 13. h3 Nh6 14. Nd2 c6 15. a3
Nc5 16. b4 Ne6 17. c5 f6 18. Nc4 Nf7 19. Qa4 Bd7 20. Qa5 Qe7 21. Rad1 Nd4 22.
Nd6 Be6 23. Bc4 Bxc4 24. Nxc4 Rfd8 25. f4 Qe6 26. Nd6 Nxd6 27. cxd6 Rxd6 28.
fxe5 fxe5 29. Kh1 Rd7 30. Na4 Rf7 31. Rxf7 Qxf7 32. Bxe5 b6 33. Nxb6 Nb3 34.
Qa6 Bxe5 35. Nxa8 Qf4 36. Rd8+ Kh7 37. Qxa7+ Kh6 38. Qg1 Nd2 39. Rxd2 Qxd2 40.
Nb6 Qd3 41. Qc1+ Kh7 42. Nc4 Bd4 43. e5 h4 44. e6 Qe2 45. Nd2 Be3 46. e7 Bg5
47. Qc4 Qe1+ 48. Qf1 Qxe7 49. Nf3 Bf6 50. Qc4 Qe8 51. a4 Kg7 52. a5 Qd7 53. Kg1
Qd1+ 54. Kf2 Qa1 55. a6 Qb2+ 56. Ke3 Qa3+ 57. Kf4 Kh6 58. Kg4 Qb2 59. Qf4+ g5
60. Qd2 Qb1 61. Qe1 Qg6 62. Ne5 Bxe5 63. Qxe5 Qh5+ 64. Kf5 Qg6+ 65. Kg4 Qh5+
66. Kf5 1/2-1/2

[Event "World Open"]
[Site "Valley Forge, PA"]
[Date "2010.07.04"]
[Round "6"]
[White "Norowitz, Yaacov"]
[Black "Shankland, Samuel"]
[Result "1/2-1/2"]
[WhiteElo "2531"]
[BlackElo "2507"]
[PlyCount "20"]
[EventDate "2010.07.??"]
[EventCountry "USA"]
[Source "MonRoi"]

1. d4 d5 2. e3 Bf5 3. c4 c6 4. cxd5 cxd5 5. Qb3 Qc8 6. Bd2 e6 7. Nf3 Bd6 8.
Bb5+ Nc6 9. Bb4 Bxb4+ 10. Qxb4 Nge7 1/2-1/2

[Event "World Open"]
[Site "Valley Forge, PA"]
[Date "2010.07.04"]
[Round "6"]
[White "Baquero, Luis A"]
[Black "Wang, Puchen"]
[Result "0-1"]
[WhiteElo "2260"]
[BlackElo "2469"]
[PlyCount "44"]
[EventDate "2010.07.??"]
[EventCountry "USA"]
[Source "MonRoi"]

1. d4 Nf6 2. Nf3 d5 3. c4 c6 4. Nc3 dxc4 5. a4 Bf5 6. Ne5 e6 7. f3 Nbd7 8. Nxd7
Nxd7 9. e4 Bg6 10. Bxc4 e5 11. Be3 Qb6 12. Qd2 Qb4 13. Ba2 exd4 14. Qxd4 Qxb2
15. Rb1 Qxg2 16. Rg1 Qxh2 17. Rxb7 Rd8 18. Rg5 Be7 19. Ra5 O-O 20. Rxd7 Rxd7
21. Qxd7 Bb4 22. Rc5 Qxa2 0-1